00242nam a22000857a 4500020001800000082002400018245004300042260005200085300001900137 a9781035413485 a951.061 209 2 SHE/R aThe Red Emperor/cby Sheridan, Michael a. - Londonb: Headline publishing Groupc, 2024 axiii+345 pages